00987nam a2200253 4500999001500000001000600015003000900021005001700030008004100047020001800088040003800106082001900144100003900163245017900202250001000381260003800391300002500429504005100454650002800505650002700533700003500560942001200595952012600607 c8559d855922601BD-DhUAP20250309130647.0250309b18912020ii a|||| |||| 001 0aeng d a9789391340933 aBD-DhUAPbEngcBD-DhUAPdBD-DhUAP 223a692.9 HUD  aNicholas Dennys .eGeneral Editors aHudson's building & engineering contracts :bincluding the duties and liabilities of architects, engineers and surveyors /cNicholas Dennys and Robert Clay (Editors E.T.All). a14 th aLondon :bSweet & Maxwell,c2020. acxxix,1348 p.c24 cm aIncludes bibliographical references and index. aConstruction contracts. aEngineering contracts. aRobert Clay.eGeneral Editors. 2ddccBK 00102ddc4070aUAPCLbUAPCLcGeneral Stacksd2025-03-09o692.9 HUDp3010022601r2025-03-09t1v39000.00w2025-03-09yBK